[Event "Asia Cities-ch 18th"]
[Site "Tagaytay City"]
[Date "2013.10.23"]
[Round "5.3"]
[White "Chen, I Chen"]
[Black "Mansour, Abdallah"]
[Result "1/2-1/2"]
[WhiteElo "1676"]
[BlackElo "1944"]
[PlyCount "89"]
[EventDate "2013.10.20"]
[EventType "team-swiss"]
[EventRounds "9"]
[EventCountry "PHI"]
[SourceTitle "EXT 2014"]
[Source "ChessBase"]
[SourceDate "2013.11.20"]
[SourceVersion "1"]
[SourceVersionDate "2013.11.20"]
[SourceQuality "1"]
[WhiteTeam "Chinese Taipei"]
[BlackTeam "Abu Dhabi"]
[WhiteTeamCountry "TPE"]
[BlackTeamCountry "UAE"]

1. e4 d5 2. exd5 Qxd5 3. d4 Nf6 4. Nc3 Qd6 5. Bd3 c6 6. Nge2 Bg4 7. f3 Bh5 8. Bf4 Qd8 9. Qd2 e6 10. 0-0-0 Be7 11. Kb1 Nbd7 12. Bg3 Bg6 13. Bxg6 hxg6 14. Ne4 Nb6 15. Nf4 Nfd5 16. Qe2 Nxf4 17. Bxf4 Nd5 18. Bg3 0-0 19. h4 Nf6 20. Nxf6+ Bxf6 21. h5 g5 22. f4 Qd5 23. fxg5 Bxg5 24. Be5 f6 25. c4 Qd7 26. Qg4 Qf7 27. Rdf1 Qe7 28. Bf4 Bxf4 29. Rxf4 f5 30. Qg3 Rad8 31. Re1 Qf6 32. Qe3 Rfe8 33. g4 Qf7 34. Qe5 b5 35. cxb5 Rd5 36. Qe2 Rxb5 37. gxf5 Rxf5 38. Rxf5 Qxf5+ 39. Qc2 Qxc2+ 40. Kxc2 Kf7 41. Kc3 Ke7 42. Kc4 Rf8 43. Rg1 Rf7 44. Kc5 Kd7 45. Kc4 1/2-1/2

[Event "Asia Cities-ch 18th"]
[Site "Tagaytay City"]
[Date "2013.10.21"]
[Round "2.4"]
[White "Wang, Chengjia"]
[Black "Mansour, Abdallah"]
[Result "1-0"]
[WhiteElo "1934"]
[BlackElo "1944"]
[PlyCount "69"]
[EventDate "2013.10.20"]
[EventType "team-swiss"]
[EventRounds "9"]
[EventCountry "PHI"]
[SourceTitle "EXT 2014"]
[Source "ChessBase"]
[SourceDate "2013.11.20"]
[SourceVersion "1"]
[SourceVersionDate "2013.11.20"]
[SourceQuality "1"]
[WhiteTeam "Seoul"]
[BlackTeam "Abu Dhabi"]
[WhiteTeamCountry "KOR"]
[BlackTeamCountry "UAE"]

1. e4 d5 2. exd5 Qxd5 3. Nc3 Qd6 4. d4 Nf6 5. h3 c6 6. Nf3 Bf5 7. Bd3 Bg6 8. 0-0 e6 9. Ne2 Be7 10. Bf4 Qd8 11. Re1 0-0 12. Bxg6 hxg6 13. c3 Nbd7 14. Qb3 b6 15. Rad1 Nd5 16. Bg3 Rc8 17. Nc1 N7f6 18. c4 Nc7 19. Ne5 Qe8 20. Qa4 a5 21. Qxc6 Na8 22. Qf3 Nd7 23. Ncd3 Nxe5 24. Nxe5 Bb4 25. Re2 f6 26. Nd3 Rxc4 27. Nxb4 axb4 28. Bd6 Rf7 29. Qd3 Qc6 30. Rxe6 Nc7 31. d5 Qb5 32. Bxc7 Rfxc7 33. Qxg6 Rc8 34. Re7 R4c7 35. Qxg7# 1-0

[Event "Mediterranean-ch 8th"]
[Site "Beirut"]
[Date "2013.01.22"]
[Round "5"]
[White "Mansour, Abdallah"]
[Black "Jalloul, Maya M"]
[Result "1/2-1/2"]
[WhiteElo "2175"]
[BlackElo "1946"]
[PlyCount "134"]
[EventDate "2013.01.19"]
[EventType "swiss"]
[EventRounds "9"]
[EventCountry "LBN"]
[SourceTitle "CBM 152 Extra"]
[Source "ChessBase"]
[SourceDate "2013.02.25"]
[SourceVersion "1"]
[SourceVersionDate "2013.02.25"]
[SourceQuality "1"]

1. e4 c5 2. Nf3 d6 3. Nc3 Nf6 4. Bc4 e6 5. d3 Nc6 6. a3 Be7 7. 0-0 0-0 8. h3 a6 9. Ba2 b5 10. Ne2 Bb7 11. c3 Qc7 12. Nf4 Nd8 13. Re1 c4 14. Bb1 e5 15. Nd5 Nxd5 16. exd5 Bxd5 17. dxc4 Bxc4 18. Qc2 g6 19. Bh6 Re8 20. Qe4 Ne6 21. Bc2 Nc5 22. Qe3 f5 23. Nd2 Bd5 24. b4 Ne6 25. Rac1 Rac8 26. Bb1 Qb7 27. Qg3 Bf8 28. Bxf8 Rxf8 29. h4 Nf4 30. f3 Qa7+ 31. Kh2 Nh5 32. Qg5 Nf4 33. Qg3 Rf7 34. Nf1 Kh8 35. Ne3 Be6 36. Qf2 Rfc7 37. Qd2 Rc6 38. g3 Nh5 39. Ng2 Nf6 40. Ne3 Qc7 41. Nd1 Bd5 42. Kg2 e4 43. fxe4 Bxe4+ 44. Bxe4 Nxe4 45. Qd5 Nxc3 46. Nxc3 Rxc3 47. Qd4+ Kg8 48. Qd5+ Qf7 49. Re8+ Rxe8 50. Qxf7+ Kxf7 51. Rxc3 Ke6 52. Rc7 Re7 53. Rc8 Ra7 54. Kf3 a5 55. Rb8 axb4 56. axb4 Kd5 57. Rxb5+ Kc4 58. Rb8 d5 59. b5 Ra3+ 60. Kf4 Rb3 61. b6 Kd4 62. b7 h6 63. h5 gxh5 64. Kxf5 Rf3+ 65. Kg6 Rxg3+ 66. Kxh6 Rb3 67. Kxh5 Kd3 1/2-1/2

[Event "Mediterranean-ch 8th"]
[Site "Beirut"]
[Date "2013.01.20"]
[Round "2"]
[White "Najjar, Ahmad"]
[Black "Mansour, Abdallah"]
[Result "1-0"]
[WhiteElo "2271"]
[BlackElo "2175"]
[PlyCount "89"]
[EventDate "2013.01.19"]
[EventType "swiss"]
[EventRounds "9"]
[EventCountry "LBN"]
[SourceTitle "CBM 152 Extra"]
[Source "ChessBase"]
[SourceDate "2013.02.25"]
[SourceVersion "1"]
[SourceVersionDate "2013.02.25"]
[SourceQuality "1"]

1. g3 d5 2. Nf3 Nf6 3. Bg2 g6 4. b3 Bg7 5. Bb2 c6 6. d3 0-0 7. 0-0 Nbd7 8. c4 Re8 9. Nc3 e6 10. Qc2 b6 11. e4 Bb7 12. Rad1 Qc7 13. Qc1 Rac8 14. Qa1 a6 15. Ne2 c5 16. Ne5 d4 17. Nxd7 Nxd7 18. f4 Nf6 19. h3 h6 20. Kh2 Nh7 21. Rf2 f5 22. e5 Bxg2 23. Rxg2 g5 24. b4 g4 25. Ng1 h5 26. a4 Nf8 27. a5 Ng6 28. axb6 Qxb6 29. bxc5 Qxc5 30. Bxd4 Qc6 31. Ra2 Ra8 32. h4 Bh6 33. Be3 Kh7 34. Rb1 Nxh4 35. Rb6 Nf3+ 36. Kh1 Qd7 37. Rd6 Qc7 38. Raxa6 Rxa6 39. Qxa6 Bf8 40. Rxe6 Rb8 41. Rb6 Rxb6 42. Qxb6 Qd7 43. Nxf3 gxf3 44. Qa7 Qxa7 45. Bxa7 1-0